000 00447nam a2200193Ia 4500
005 20240823021056.0
008 240823s9999||||xx |||||||||||||| ||und||
020 _a81-224-1913-5
041 _aENGLISH
082 _A665.7 P6
100 _aYahya S M
245 0 _aGas Tables
250 _a5th
260 _c2006
_bNew Age International (P
_aNew Delhi
500 _aTransfered
650 _aGas
_bMechanical
942 _cBK
999 _c176232
_d176232